[Event "Muensterland Verbandsklasse 2526"]
[Site "Germany"]
[Date "2026.02.21"]
[Round "6"]
[Board "5"]
[White "Heider, Ralf"]
[Black "Toews, Andreas"]
[Result "1-0"]
[WhiteElo "1723"]
[BlackElo "1675"]
[WhiteFideId "-1"]
[BlackFideId "-1"]
[PlyCount "59"]
[GameId "2283691763848275"]
[EventDate "2025.??.??"]
[EventType "team-tourn"]
[EventRounds "9"]
[EventCountry "GER"]
[SourceTitle "Verband Muensterland"]
[SourceDate "2026.01.17"]
[SourceVersion "1"]
[SourceVersionDate "2026.01.17"]
[SourceQuality "1"]
[WhiteTeam "Nordkirchen"]
[BlackTeam "Greven"]
[WhiteTeamCountry "GER"]
[BlackTeamCountry "GER"]

1. d4 Nf6 2. Nc3 d5 3. e4 dxe4 4. f3 e6 5. fxe4 Be7 6. Nf3 c6 7. Bd3 h6 8. O-O Nbd7 9. Qe1 Nh7 10. e5 O-O 11. Ne4 f5 12. exf6 Ndxf6 13. Nxf6+ Bxf6 14. Qe4 Bxd4+ 15. Qxd4 Qxd4+ 16. Nxd4 Nf6 17. Bd2 e5 18. Nf5 Be6 19. Ne3 e4 20. Bc4 Bxc4 21. Nxc4 Rad8 22. Bc3 Nd5 23. Rxf8+ Rxf8 24. Re1 b5 25. Ne3 Re8 26. Nxd5 cxd5 27. Bd4 b4 28. Kf2 g5 29. Rf1 Re6 30. Ke3 1-0

[Event "Muensterland Verbandsklasse 2526"]
[Site "Germany"]
[Date "2026.02.21"]
[Round "6"]
[Board "6"]
[White "Soppe, Peter"]
[Black "Grasse, Herbert"]
[Result "1-0"]
[WhiteElo "1547"]
[BlackElo "1729"]
[WhiteFideId "-1"]
[BlackFideId "-1"]
[PlyCount "65"]
[GameId "2283691763848277"]
[EventDate "2025.??.??"]
[EventType "team-tourn"]
[EventRounds "9"]
[EventCountry "GER"]
[SourceTitle "Verband Muensterland"]
[SourceDate "2026.01.17"]
[SourceVersion "1"]
[SourceVersionDate "2026.01.17"]
[SourceQuality "1"]
[WhiteTeam "Greven"]
[BlackTeam "Nordkirchen"]
[WhiteTeamCountry "GER"]
[BlackTeamCountry "GER"]

1. c4 e6 2. Nc3 c5 3. e4 Nc6 4. Nf3 a6 5. d4 cxd4 6. Nxd4 Bc5 7. Be3 Qb6 8. Na4 Qa5+ 9. Bd2 Bb4 10. Nxc6 Bxd2+ 11. Qxd2 Qxd2+ 12. Kxd2 bxc6 13. c5 Nf6 14. f3 Rb8 15. Nb6 Ke7 16. b4 Bb7 17. Nc4 Ne8 18. Rc1 d5 19. cxd6+ Nxd6 20. Na5 Rhd8 21. Ke3 f5 22. a3 Ba8 23. Bxa6 fxe4 24. fxe4 Rb6 25. Bd3 Nf7 26. Rc5 h6 27. Rhc1 Kd6 28. Nc4+ Kc7 29. Nxb6 Kxb6 30. Rf1 Rd7 31. Bc4 Nd8 32. Re5 Ra7 33. Ra5 1-0

[Event "Muensterland Verbandsklasse 2526"]
[Site "Germany"]
[Date "2026.02.21"]
[Round "6"]
[Board "7"]
[White "Droste, Michael"]
[Black "Kuestermann, Dieter"]
[Result "1/2-1/2"]
[WhiteElo "1536"]
[BlackElo "1580"]
[WhiteFideId "-1"]
[BlackFideId "-1"]
[PlyCount "36"]
[GameId "2283691763848279"]
[EventDate "2025.??.??"]
[EventType "team-tourn"]
[EventRounds "9"]
[EventCountry "GER"]
[SourceTitle "Verband Muensterland"]
[SourceDate "2026.01.17"]
[SourceVersion "1"]
[SourceVersionDate "2026.01.17"]
[SourceQuality "1"]
[WhiteTeam "Nordkirchen"]
[BlackTeam "Greven"]
[WhiteTeamCountry "GER"]
[BlackTeamCountry "GER"]

1. e4 e5 2. Nc3 Nf6 3. Nf3 Nc6 4. d4 exd4 5. Nxd4 d6 6. Bg5 Be7 7. Nxc6 bxc6 8. Bc4 O-O 9. f3 Rb8 10. Rb1 d5 11. exd5 cxd5 12. Be2 c6 13. O-O Be6 14. b3 Qd6 15. Bxf6 Bxf6 16. Ne4 Qe7 17. Nxf6+ Qxf6 18. Qd2 Rfe8 1/2-1/2

[Event "Muensterland Verbandsklasse 2526"]
[Site "Germany"]
[Date "2026.02.21"]
[Round "6"]
[Board "8"]
[White "Soppe, Victoria"]
[Black "Winkler, Alexander"]
[Result "0-1"]
[WhiteElo "1471"]
[BlackElo "1550"]
[WhiteFideId "-1"]
[BlackFideId "-1"]
[PlyCount "182"]
[GameId "2283691763848281"]
[EventDate "2025.??.??"]
[EventType "team-tourn"]
[EventRounds "9"]
[EventCountry "GER"]
[SourceTitle "Verband Muensterland"]
[SourceDate "2026.01.17"]
[SourceVersion "1"]
[SourceVersionDate "2026.01.17"]
[SourceQuality "1"]
[WhiteTeam "Greven"]
[BlackTeam "Nordkirchen"]
[WhiteTeamCountry "GER"]
[BlackTeamCountry "GER"]

1. d4 Nf6 2. e3 d5 3. Bd3 c5 4. c3 Nc6 5. f4 g6 6. Nf3 Bf5 7. Ne5 h5 8. Bxf5 gxf5 9. Nd2 e6 10. Ndf3 Ne4 11. Qa4 Qc7 12. dxc5 Bxc5 13. Nd4 Bxd4 14. cxd4 f6 15. Nxc6 Qxc6 16. Qxc6+ bxc6 17. Bd2 Rb8 18. b3 Rg8 19. Rg1 Kd7 20. Ke2 Rg7 21. Be1 Rb5 22. b4 a5 23. a4 Rb8 24. bxa5 Rb2+ 25. Kf3 Kd6 26. Ra3 Ra7 27. h3 Rb1 28. Ke2 Rxa5 29. Bxa5 Rxg1 30. Bb4+ Kc7 31. a5 Rxg2+ 32. Kd3 Rb2 33. Be1 Kb7 34. a6+ Ka7 35. Ba5 Rb5 36. Bc7 Rb2 37. Ba5 Nd6 38. Bd8 Nc4 39. Ra1 Rb3+ 40. Kc2 Rxe3 41. Bxf6 Rxh3 42. Re1 Re3 43. Rh1 Re4 44. Rxh5 Rxf4 45. Rh7+ Kxa6 46. Rc7 Na5 47. Be5 Rg4 48. Re7 Rg6 49. Kc3 Nc4 50. Bb8 Rg8 51. Bf4 e5 52. dxe5 Rg4 53. Bh6 Re4 54. e6 f4 55. Re8 f3 56. e7 f2 57. Ra8+ Kb5 58. Rf8 Rxe7 59. Rxf2 Re6 60. Bg5 c5 61. Rf7 Kc6 62. Bf4 Nd6 63. Ra7 d4+ 64. Kd3 Kd5 65. Ra5 Rf6 66. Bg5 Rf3+ 67. Ke2 Rf5 68. Bh6 Kc4 69. Bf8 Nb5 70. Bh6 Kb4 71. Ra1 c4 72. Rb1+ Kc5 73. Rc1 Kd5 74. Rg1 c3 75. Kd3 Rf3+ 76. Ke2 Rh3 77. Bc1 d3+ 78. Ke1 Kc4 79. Kd1 Kb3 80. Bf4 Rf3 81. Bh6 Rf2 82. Ke1 Ra2 83. Rg3 d2+ 84. Bxd2 Rxd2 85. Rg5 Na3 86. Rg7 Rb2 87. Rc7 c2 88. Rb7+ Ka2 89. Rc7 Kb1 90. Rxc2 Rxc2 91. Kd1 Kb2 0-1

[Event "Muensterland Verbandsklasse 2526"]
[Site "Germany"]
[Date "2026.02.21"]
[Round "6"]
[Board "1"]
[White "Huelsmann, Josef"]
[Black "Kloenne, Tim"]
[Result "1-0"]
[WhiteElo "2011"]
[BlackElo "1803"]
[WhiteFideId "-1"]
[BlackFideId "-1"]
[PlyCount "65"]
[GameId "2095106920076468"]
[EventDate "2025.??.??"]
[EventType "team-tourn"]
[EventRounds "9"]
[EventCountry "GER"]
[SourceTitle "Verband Muensterland"]
[SourceDate "2026.01.17"]
[SourceVersion "1"]
[SourceVersionDate "2026.01.17"]
[SourceQuality "1"]
[WhiteTeam "Nordwalde"]
[BlackTeam "Gronau II"]
[WhiteTeamCountry "GER"]
[BlackTeamCountry "GER"]

1. d4 d5 2. Nf3 Nf6 3. g3 e6 4. Bg2 Be7 5. c4 c6 6. O-O O-O 7. Nbd2 Nbd7 8. Qc2 Re8 9. Rd1 b6 10. e4 Nf8 11. b3 Bb7 12. Bb2 Rc8 13. e5 N6d7 14. Rac1 c5 15. Qb1 dxc4 16. Nxc4 Bd5 17. Ne3 Bxf3 18. Bxf3 cxd4 19. Bxd4 Rxc1 20. Rxc1 Qb8 21. Bc6 Rd8 22. Qe4 Nc5 23. Bxc5 Bxc5 24. Nc4 Rd4 25. Qe2 Qd8 26. Rc2 Ng6 27. Be4 Rd1+ 28. Kg2 Qd4 29. Nb2 Ra1 30. Nd3 Qd8 31. Nxc5 bxc5 32. Rxc5 Qb6 33. Rc8+ 1-0

[Event "Muensterland Verbandsklasse 2526"]
[Site "Germany"]
[Date "2026.02.21"]
[Round "6"]
[Board "2"]
[White "Reinhold, Klaus"]
[Black "Lerke, Bernd"]
[Result "1/2-1/2"]
[WhiteElo "1773"]
[BlackElo "1869"]
[WhiteFideId "-1"]
[BlackFideId "-1"]
[PlyCount "96"]
[GameId "2095107169440957"]
[EventDate "2025.??.??"]
[EventType "team-tourn"]
[EventRounds "9"]
[EventCountry "GER"]
[SourceTitle "Verband Muensterland"]
[SourceDate "2026.01.17"]
[SourceVersion "1"]
[SourceVersionDate "2026.01.17"]
[SourceQuality "1"]
[WhiteTeam "Gronau II"]
[BlackTeam "Nordwalde"]
[WhiteTeamCountry "GER"]
[BlackTeamCountry "GER"]

1. d4 Nf6 2. c4 e6 3. Nf3 c5 4. d5 d6 5. Nc3 Be7 6. e4 e5 7. h3 Nbd7 8. Be2 h6 9. Be3 a6 10. a4 Nh7 11. Qd2 Ng5 12. Nh2 Nh7 13. O-O O-O 14. f4 exf4 15. Bxf4 Bg5 16. Nf3 Bxf4 17. Qxf4 Qe7 18. Rae1 Ng5 19. Nxg5 hxg5 20. Qg3 Ne5 21. Nd1 Bd7 22. b3 g6 23. Ne3 Kg7 24. Bg4 Bxg4 25. Nxg4 Rae8 26. Nf6 Rc8 27. Qxg5 Rh8 28. Nh5+ Kf8 29. Qxe7+ Kxe7 30. Ng3 b5 31. axb5 axb5 32. Ra1 Rc7 33. cxb5 Rb8 34. Ra5 Rcb7 35. Rc1 Rxb5 36. Rxb5 Rxb5 37. Rc3 Ra5 38. Nf1 Ra3 39. Ne3 Kf6 40. Kh2 c4 41. Nxc4 Nxc4 42. Rxc4 Rxb3 43. Rc7 Re3 44. Rd7 Ke5 45. Re7+ Kd4 46. Rxf7 Rxe4 47. Rf6 Kxd5 48. Rxg6 Ke5 1/2-1/2

[Event "Muensterland Verbandsklasse 2526"]
[Site "Germany"]
[Date "2026.02.21"]
[Round "6"]
[Board "3"]
[White "Sandmann, Matthias"]
[Black "Binger, Friedhelm"]
[Result "1-0"]
[WhiteElo "1766"]
[BlackElo "1688"]
[WhiteFideId "-1"]
[BlackFideId "-1"]
[PlyCount "97"]
[GameId "2095107233178822"]
[EventDate "2025.??.??"]
[EventType "team-tourn"]
[EventRounds "9"]
[EventCountry "GER"]
[SourceTitle "Verband Muensterland"]
[SourceDate "2026.01.17"]
[SourceVersion "1"]
[SourceVersionDate "2026.01.17"]
[SourceQuality "1"]
[WhiteTeam "Nordwalde"]
[BlackTeam "Gronau II"]
[WhiteTeamCountry "GER"]
[BlackTeamCountry "GER"]

1. Nf3 d5 2. c4 c6 3. Nc3 Nf6 4. d4 e6 5. Bg5 Be7 6. e3 h6 7. Bh4 Nbd7 8. cxd5 exd5 9. Be2 Ne4 10. Nxe4 dxe4 11. Bxe7 Qxe7 12. Nd2 O-O 13. O-O Nb6 14. a3 f5 15. Rc1 Be6 16. Nb3 Bxb3 17. Qxb3+ Kh8 18. Rc5 Rad8 19. Rfc1 Rd5 20. Rxd5 Nxd5 21. Rc5 Rd8 22. Bc4 Qd7 23. Bxd5 cxd5 24. Qc2 Qd6 25. b4 Rd7 26. h3 Kh7 27. Rc8 a6 28. Qc5 Qxc5 29. bxc5 Kg6 30. c6 bxc6 31. Rxc6+ Kf7 32. Rxa6 Ke7 33. a4 Rb7 34. Kh2 Rb2 35. Kg3 Ra2 36. f3 g5 37. fxe4 dxe4 38. Rxh6 Rxa4 39. Rg6 f4+ 40. exf4 gxf4+ 41. Kxf4 Rxd4 42. Ke3 Ra4 43. Rg4 Kf6 44. Rxe4 Ra2 45. Kf3 Kg5 46. Re5+ Kh6 47. h4 Ra3+ 48. Kf4 Ra4+ 49. Re4 1-0

[Event "Muensterland Verbandsklasse 2526"]
[Site "Germany"]
[Date "2026.02.21"]
[Round "6"]
[Board "4"]
[White "Schoewer Lingemann, Thorsten"]
[Black "Szych, Lothar"]
[Result "1-0"]
[WhiteElo "1729"]
[BlackElo "1526"]
[WhiteFideId "-1"]
[BlackFideId "-1"]
[PlyCount "41"]
[GameId "2095107319190735"]
[EventDate "2025.??.??"]
[EventType "team-tourn"]
[EventRounds "9"]
[EventCountry "GER"]
[SourceTitle "Verband Muensterland"]
[SourceDate "2026.01.17"]
[SourceVersion "1"]
[SourceVersionDate "2026.01.17"]
[SourceQuality "1"]
[WhiteTeam "Gronau II"]
[BlackTeam "Nordwalde"]
[WhiteTeamCountry "GER"]
[BlackTeamCountry "GER"]

1. Nf3 d5 2. c4 Nf6 3. cxd5 Nxd5 4. d4 Nf6 5. Nc3 Bf5 6. Bg5 h6 7. Bxf6 exf6 8. e4 Bh7 9. Qb3 Qc8 10. Bc4 Bg8 11. O-O Nd7 12. e5 fxe5 13. Nxe5 Nxe5 14. dxe5 c6 15. Rad1 b5 16. Bxb5 a6 17. Bd3 Be7 18. Qc2 Qc7 19. Nd5 Qb7 20. Nxe7 Qxe7 21. Qxc6+ 1-0

[Event "Muensterland Verbandsklasse 2526"]
[Site "Germany"]
[Date "2026.02.21"]
[Round "6"]
[Board "5"]
[White "Keller, Hansjuergen"]
[Black "Naber, Wolfgang"]
[Result "1/2-1/2"]
[WhiteElo "1506"]
[BlackElo "1666"]
[WhiteFideId "-1"]
[BlackFideId "-1"]
[PlyCount "69"]
[GameId "2095107403830488"]
[EventDate "2025.??.??"]
[EventType "team-tourn"]
[EventRounds "9"]
[EventCountry "GER"]
[SourceTitle "Verband Muensterland"]
[SourceDate "2026.01.17"]
[SourceVersion "1"]
[SourceVersionDate "2026.01.17"]
[SourceQuality "1"]
[WhiteTeam "Nordwalde"]
[BlackTeam "Gronau II"]
[WhiteTeamCountry "GER"]
[BlackTeamCountry "GER"]

1. d4 Nf6 2. Bf4 d5 3. e3 e6 4. c3 c5 5. Bd3 Bd6 6. Bxd6 Qxd6 7. Nf3 O-O 8. Nbd2 Nbd7 9. O-O e5 10. dxe5 Nxe5 11. Nxe5 Qxe5 12. Nf3 Qe7 13. h3 b6 14. Qe2 Bb7 15. Ba6 Rad8 16. Bxb7 Qxb7 17. Rad1 Rfe8 18. Qc2 Qe7 19. Rfe1 Ne4 20. Nd2 Nxd2 21. Qxd2 Qf6 22. Re2 h6 23. Qc2 Rd6 24. Red2 Red8 25. Rd3 Qe6 26. R1d2 d4 27. cxd4 cxd4 28. Rxd4 Rxd4 29. Rxd4 Rxd4 30. exd4 Qxa2 31. Qc8+ Kh7 32. Qc6 Qxb2 33. d5 Qa1+ 34. Kh2 Qe5+ 35. Kg1 1/2-1/2

[Event "Muensterland Verbandsklasse 2526"]
[Site "Germany"]
[Date "2026.02.21"]
[Round "6"]
[Board "6"]
[White "Schlueter, Gerhard"]
[Black "Schmalbrock, Andreas"]
[Result "1-0"]
[WhiteElo "1606"]
[BlackElo "1386"]
[WhiteFideId "-1"]
[BlackFideId "-1"]
[PlyCount "59"]
[GameId "2095107464140001"]
[EventDate "2025.??.??"]
[EventType "team-tourn"]
[EventRounds "9"]
[EventCountry "GER"]
[SourceTitle "Verband Muensterland"]
[SourceDate "2026.01.17"]
[SourceVersion "1"]
[SourceVersionDate "2026.01.17"]
[SourceQuality "1"]
[WhiteTeam "Gronau II"]
[BlackTeam "Nordwalde"]
[WhiteTeamCountry "GER"]
[BlackTeamCountry "GER"]

1. e4 e5 2. Nc3 Bc5 3. Nf3 Nc6 4. Bc4 d6 5. h3 Nf6 6. d3 h6 7. O-O O-O 8. Be3 Nd4 9. Nb5 a6 10. Nbxd4 exd4 11. Bxd4 Re8 12. Bxc5 dxc5 13. c3 b5 14. Bb3 Rb8 15. Bc2 Rb6 16. Re1 Bb7 17. Re3 a5 18. Qe2 Nh5 19. g3 Rg6 20. Kh2 Bc8 21. Nh4 Rg5 22. f4 Rxg3 23. Rxg3 Nxg3 24. Kxg3 Qd7 25. f5 Qd6+ 26. Kg2 Qf4 27. Qf2 Qg5+ 28. Kh2 c4 29. Rg1 Qf6 30. d4 1-0

[Event "Muensterland Verbandsklasse 2526"]
[Site "Germany"]
[Date "2026.02.21"]
[Round "6"]
[Board "7"]
[White "Overesch, Dieter"]
[Black "Baer, Klaus"]
[Result "0-1"]
[WhiteElo "1658"]
[BlackElo "1577"]
[WhiteFideId "-1"]
[BlackFideId "-1"]
[PlyCount "28"]
[GameId "2095107553645802"]
[EventDate "2025.??.??"]
[EventType "team-tourn"]
[EventRounds "9"]
[EventCountry "GER"]
[SourceTitle "Verband Muensterland"]
[SourceDate "2026.01.17"]
[SourceVersion "1"]
[SourceVersionDate "2026.01.17"]
[SourceQuality "1"]
[WhiteTeam "Nordwalde"]
[BlackTeam "Gronau II"]
[WhiteTeamCountry "GER"]
[BlackTeamCountry "GER"]

1. d4 Nf6 2. Nf3 e6 3. Bf4 b6 4. e3 Bb7 5. Nbd2 Be7 6. Bd3 d5 7. c3 O-O 8. O-O Nbd7 9. Ne5 c5 10. Qf3 Rc8 11. Qh3 g6 12. Bh6 Re8 13. f4 Ne4 14. Ndf3 f5 0-1

[Event "Muensterland Verbandsklasse 2526"]
[Site "Germany"]
[Date "2026.02.21"]
[Round "6"]
[Board "8"]
[White "Hauser, Emilian"]
[Black "Berken, Andre"]
[Result "1-0"]
[WhiteElo "1522"]
[BlackElo "1312"]
[WhiteFideId "-1"]
[BlackFideId "-1"]
[PlyCount "61"]
[GameId "2095107615425779"]
[EventDate "2025.??.??"]
[EventType "team-tourn"]
[EventRounds "9"]
[EventCountry "GER"]
[SourceTitle "Verband Muensterland"]
[SourceDate "2026.01.17"]
[SourceVersion "1"]
[SourceVersionDate "2026.01.17"]
[SourceQuality "1"]
[WhiteTeam "Gronau II"]
[BlackTeam "Nordwalde"]
[WhiteTeamCountry "GER"]
[BlackTeamCountry "GER"]

1. d4 d5 2. Nf3 Bg4 3. Ne5 Bh5 4. c4 e6 5. Nc3 Bb4 6. Qa4+ Nd7 7. Qxb4 Nxe5 8. dxe5 Rb8 9. Qa4+ c6 10. Qxa7 Ne7 11. e3 O-O 12. Bd3 Qc7 13. Qd4 c5 14. Nb5 Qa5+ 15. Qc3 Qxc3+ 16. Nxc3 dxc4 17. Bxc4 Nc6 18. f4 Rfd8 19. O-O Nb4 20. a3 Nc6 21. Nb5 Kh8 22. Nd6 Bg6 23. g4 Kg8 24. Bd2 Kf8 25. Rac1 Ke7 26. Bb5 f6 27. Bxc6 bxc6 28. Rxc5 Rxb2 29. Bb4 Rc2 30. Rxc2 Bxc2 31. Nb7+ 1-0

[Event "Muensterland Verbandsklasse 2526"]
[Site "Germany"]
[Date "2026.03.14"]
[Round "7"]
[Board "1"]
[White "Heister, Jonas"]
[Black "Georg, Felix"]
[Result "1/2-1/2"]
[WhiteElo "1743"]
[BlackElo "2042"]
[WhiteFideId "-1"]
[BlackFideId "-1"]
[PlyCount "56"]
[GameId "2288290218630256"]
[EventDate "2025.??.??"]
[EventType "team-tourn"]
[EventRounds "9"]
[EventCountry "GER"]
[SourceTitle "Verband Muensterland"]
[SourceDate "2026.01.17"]
[SourceVersion "1"]
[SourceVersionDate "2026.01.17"]
[SourceQuality "1"]
[WhiteTeam "Bocholt II"]
[BlackTeam "Nordkirchen"]
[WhiteTeamCountry "GER"]
[BlackTeamCountry "GER"]

1. d4 d5 2. c4 e6 3. Nf3 Nf6 4. Bg5 dxc4 5. e3 a6 6. a4 Bb4+ 7. Nc3 c5 8. Bxf6 Qxf6 9. Bxc4 O-O 10. O-O Bxc3 11. bxc3 Nc6 12. Qc2 cxd4 13. cxd4 e5 14. d5 Ne7 15. Rab1 Rd8 16. e4 b6 17. Qb2 Ng6 18. Qxb6 Rd6 19. Qe3 Nf4 20. Rfc1 Qg6 21. Bf1 Bh3 22. Nxe5 Qg5 23. Nf3 Qg4 24. Ne1 Rg6 25. Qg3 Bxg2 26. Qxg4 Rxg4 27. Nxg2 Nh3+ 28. Kh1 Nxf2+ 1/2-1/2

[Event "Muensterland Verbandsklasse 2526"]
[Site "Germany"]
[Date "2026.03.14"]
[Round "7"]
[Board "2"]
[White "Husemann, Andreas"]
[Black "Harbring, Thorben"]
[Result "1-0"]
[WhiteElo "1858"]
[BlackElo "1743"]
[WhiteFideId "-1"]
[BlackFideId "-1"]
[PlyCount "37"]
[GameId "2288290218626159"]
[EventDate "2025.??.??"]
[EventType "team-tourn"]
[EventRounds "9"]
[EventCountry "GER"]
[SourceTitle "Verband Muensterland"]
[SourceDate "2026.01.17"]
[SourceVersion "1"]
[SourceVersionDate "2026.01.17"]
[SourceQuality "1"]
[WhiteTeam "Nordkirchen"]
[BlackTeam "Bocholt II"]
[WhiteTeamCountry "GER"]
[BlackTeamCountry "GER"]

1. d4 Nf6 2. Nf3 d5 3. c4 Bf5 4. Nc3 e6 5. Qb3 dxc4 6. Qxc4 Nbd7 7. Bg5 Nb6 8. Qb3 Be7 9. e3 O-O 10. Be2 Ne4 11. Bxe7 Qxe7 12. O-O Rac8 13. Rac1 Rfd8 14. Rfd1 c5 15. Nxe4 Bxe4 16. Qa3 Nd7 17. dxc5 Bd5 18. h3 Nxc5 19. e4 1-0

[Event "Muensterland Verbandsklasse 2526"]
[Site "Germany"]
[Date "2026.03.14"]
[Round "7"]
[Board "3"]
[White "Robeling, Stephan"]
[Black "Grawunder, Juergen"]
[Result "0-1"]
[WhiteElo "1762"]
[BlackElo "1915"]
[WhiteFideId "-1"]
[BlackFideId "-1"]
[PlyCount "60"]
[GameId "2288290218622062"]
[EventDate "2025.??.??"]
[EventType "team-tourn"]
[EventRounds "9"]
[EventCountry "GER"]
[SourceTitle "Verband Muensterland"]
[SourceDate "2026.01.17"]
[SourceVersion "1"]
[SourceVersionDate "2026.01.17"]
[SourceQuality "1"]
[WhiteTeam "Bocholt II"]
[BlackTeam "Nordkirchen"]
[WhiteTeamCountry "GER"]
[BlackTeamCountry "GER"]

1. d4 Nf6 2. Nf3 d6 3. Nc3 Nbd7 4. e4 e5 5. dxe5 dxe5 6. Bc4 Bb4 7. O-O O-O 8. Bd2 c6 9. Re1 a5 10. a3 Be7 11. Ba2 h6 12. h3 Kh7 13. Nb1 Qc7 14. Bc3 b5 15. b4 axb4 16. axb4 Ra4 17. Bb3 Rxa1 18. Bxa1 Bxb4 19. Nbd2 Bd6 20. c4 b4 21. Nf1 Nc5 22. Bc2 Rd8 23. N1d2 Nfd7 24. Qb1 f6 25. Rd1 Ne6 26. Nb3 Ndc5 27. Nfd2 Qb6 28. Bb2 Nf4 29. Re1 Be6 30. Kh2 Nxb3 0-1

[Event "Muensterland Verbandsklasse 2526"]
[Site "Germany"]
[Date "2026.03.14"]
[Round "7"]
[Board "4"]
[White "Steffens, Gerd"]
[Black "Tepasse, Wilhelm"]
[Result "1/2-1/2"]
[WhiteElo "1721"]
[BlackElo "1677"]
[WhiteFideId "-1"]
[BlackFideId "-1"]
[PlyCount "59"]
[GameId "2288290218617965"]
[EventDate "2025.??.??"]
[EventType "team-tourn"]
[EventRounds "9"]
[EventCountry "GER"]
[SourceTitle "Verband Muensterland"]
[SourceDate "2026.01.17"]
[SourceVersion "1"]
[SourceVersionDate "2026.01.17"]
[SourceQuality "1"]
[WhiteTeam "Nordkirchen"]
[BlackTeam "Bocholt II"]
[WhiteTeamCountry "GER"]
[BlackTeamCountry "GER"]

1. e3 d5 2. b3 Bf5 3. Bb2 Nd7 4. Nf3 e6 5. Be2 h6 6. O-O Ngf6 7. d3 c6 8. Nbd2 Bd6 9. d4 O-O 10. c4 Re8 11. Ne5 Ne4 12. Nxe4 Bxe4 13. Nxd7 Qxd7 14. Bd3 Bxd3 15. Qxd3 Qe7 16. f4 a5 17. c5 Bc7 18. Bc3 b6 19. cxb6 Bxb6 20. Rfc1 Rec8 21. Rc2 Rc7 22. Rac1 f5 23. Bb2 Qd6 24. h3 Rac8 25. Qa6 Qb4 26. Ba3 Qb5 27. Qxb5 cxb5 28. Rxc7 Rxc7 29. Rxc7 Bxc7 30. Bc5 1/2-1/2

[Event "Muensterland Verbandsklasse 2526"]
[Site "Germany"]
[Date "2026.03.14"]
[Round "7"]
[Board "5"]
[White "Harbring, Morten"]
[Black "Heider, Ralf"]
[Result "0-1"]
[WhiteElo "1535"]
[BlackElo "1723"]
[WhiteFideId "-1"]
[BlackFideId "-1"]
[PlyCount "62"]
[GameId "2288290218613868"]
[EventDate "2025.??.??"]
[EventType "team-tourn"]
[EventRounds "9"]
[EventCountry "GER"]
[SourceTitle "Verband Muensterland"]
[SourceDate "2026.01.17"]
[SourceVersion "1"]
[SourceVersionDate "2026.01.17"]
[SourceQuality "1"]
[WhiteTeam "Bocholt II"]
[BlackTeam "Nordkirchen"]
[WhiteTeamCountry "GER"]
[BlackTeamCountry "GER"]

1. e4 d5 2. exd5 Qxd5 3. Nc3 Qa5 4. Nf3 Bg4 5. h3 Bh5 6. Be2 Nf6 7. O-O e6 8. d3 Nbd7 9. Bd2 c6 10. Ne4 Qc7 11. Nxf6+ Nxf6 12. a3 Bd6 13. Bc3 Nd5 14. Bxg7 Rg8 15. Bh6 Bf4 16. c4 Bxh6 17. cxd5 exd5 18. Ne5 Bxe2 19. Qxe2 O-O-O 20. Qh5 Rg5 21. Qxh6 Qxe5 22. f4 Qe3+ 23. Kh1 Rg6 24. Qxh7 Qg3 25. Rg1 Qxd3 26. Qxf7 Rh8 27. g3 Rxh3+ 28. Kg2 Rgxg3+ 29. Kf2 Rh2+ 30. Rg2 Rhxg2+ 31. Ke1 Qe2# 0-1

[Event "Muensterland Verbandsklasse 2526"]
[Site "Germany"]
[Date "2026.03.14"]
[Round "7"]
[Board "6"]
[White "Grasse, Herbert"]
[Black "Mager, Helmut"]
[Result "1-0"]
[WhiteElo "1729"]
[BlackElo "1515"]
[WhiteFideId "-1"]
[BlackFideId "-1"]
[PlyCount "61"]
[GameId "2288290218609771"]
[EventDate "2025.??.??"]
[EventType "team-tourn"]
[EventRounds "9"]
[EventCountry "GER"]
[SourceTitle "Verband Muensterland"]
[SourceDate "2026.01.17"]
[SourceVersion "1"]
[SourceVersionDate "2026.01.17"]
[SourceQuality "1"]
[WhiteTeam "Nordkirchen"]
[BlackTeam "Bocholt II"]
[WhiteTeamCountry "GER"]
[BlackTeamCountry "GER"]

1. Nf3 d5 2. g3 Nf6 3. Bg2 e6 4. O-O Be7 5. d3 O-O 6. Nbd2 c5 7. e4 dxe4 8. dxe4 Nc6 9. e5 Nd5 10. a3 b6 11. c4 Nc7 12. Ne1 Bb7 13. Qa4 Na5 14. Bxb7 Nxb7 15. Nc2 Qe8 16. Qb3 Qc6 17. f4 Rfd8 18. Qe3 Rd7 19. f5 exf5 20. Rxf5 Rad8 21. Ne1 Ne6 22. Ne4 Nd4 23. Rf2 Nb3 24. Rb1 Rd1 25. Nc3 Rxc1 26. Rxc1 Nxc1 27. Qxc1 Qg6 28. Nd5 Bf8 29. Nf3 Qe4 30. Ng5 Qxe5 31. Nxf7 1-0

[Event "Muensterland Verbandsklasse 2526"]
[Site "Germany"]
[Date "2026.03.14"]
[Round "7"]
[Board "7"]
[White "Schneiders, Ben"]
[Black "Krabbe, Christian"]
[Result "0-1"]
[WhiteElo "1729"]
[BlackElo "1941"]
[WhiteFideId "-1"]
[BlackFideId "-1"]
[PlyCount "54"]
[GameId "2288290218601578"]
[EventDate "2025.??.??"]
[EventType "team-tourn"]
[EventRounds "9"]
[EventCountry "GER"]
[SourceTitle "Verband Muensterland"]
[SourceDate "2026.01.17"]
[SourceVersion "1"]
[SourceVersionDate "2026.01.17"]
[SourceQuality "1"]
[WhiteTeam "Bocholt II"]
[BlackTeam "Nordkirchen"]
[WhiteTeamCountry "GER"]
[BlackTeamCountry "GER"]

1. e4 d6 2. d4 Nf6 3. Nc3 g6 4. Nf3 Bg7 5. Bc4 O-O 6. h3 c5 7. d5 b5 8. Bxb5 Nxe4 9. Nxe4 Qa5+ 10. c3 Qxb5 11. Qe2 Qxe2+ 12. Kxe2 Ba6+ 13. Kd1 Bc4 14. Re1 Bxd5 15. Kc2 Nc6 16. Bf4 Rfe8 17. Rad1 Bxa2 18. Ra1 Bd5 19. Ra6 Rec8 20. Ned2 e5 21. Be3 f5 22. g3 Nd4+ 23. cxd4 cxd4+ 24. Kb1 dxe3 25. Rxe3 Bh6 26. Rea3 e4 27. Rxd6 Bf8 0-1